000 00368nam a2200169Ia 4500
100 _aGaonkar/Ramesh
650 _aMicroprocessor
250 _a5
942 _cBK
366 _f25
654 _amicroprocessor
245 _aMicroprocessor Architecture
260 _bPenram international
_c2009
082 _a004.16/GAO
_bGAO
300 _a820
546 _aENGLISH
999 _c21904
_d21904